| 000 | 00515nam a22001577a 4500 | ||
|---|---|---|---|
| 003 | NUST | ||
| 038 | _aNusrat Nadeem | ||
| 082 | _a200 | ||
| 100 |
_aIrshad, Muhammad Saqib _9131562 |
||
| 245 |
_aFew-shot Learning for Medical Image Segmentation/ _cMuhammad Saqib Irshad, |
||
| 264 |
_aIslamabad: _bSEECS NUST. _c2025. |
||
| 650 |
_aMS-Computer Science _926780 |
||
| 700 |
_aSupervisor: Dr. Muhammad Daud Abdullah Asif _9131563 |
||
| 856 | _u http://10.250.8.41:8080/xmlui/handle/123456789/55832 | ||
| 942 |
_2ddc _cSC |
||
| 999 |
_c615227 _d615227 |
||